Proyecto Educativo de Ciudad : proyectos educativos de ciudad : materiales para la reflexión proyectos educativos de ciudad :
Descripción Física:
81 p. ; 28 cm
MARC
| LEADER | 00000nam a2200000Ia 4500 | ||
|---|---|---|---|
| 001 | 21619 | ||
| 008 | 160829s2007 xx 000 0 cat d | ||
| 080 | |a E-1-332 | ||
| 245 | |a Proyecto Educativo de Ciudad : |b proyectos educativos de ciudad : |b materiales para la reflexión | ||
| 260 | |a Barcelona : |b Diputació de Barcelona. Àrea d'Educació, |c 2007 | ||
| 300 | |a 81 p. ; |c 28 cm | ||
| 650 | |a Projecte educatiu de ciutat |9 39276 | ||
| 650 | 0 | |a Educació no-formal |9 39118 | |
| 650 | |a Participació social |9 19717 | ||
| 710 | |a Barcelona (Catalunya : Província). |b Àrea d'Educació |9 8009 | ||
| 901 | |a Arxiu | ||
| 942 | |n 1 | ||
| 952 | |0 0 |1 0 |4 0 |6 E1332 |7 1 |9 52570 |a Arxiu |b Arxiu |d 2016-12-01 |l 0 |o E-1-332 |p 21619 |r 2016-12-01 00:00:00 |w 2016-12-01 |y ARXIU | ||
| 999 | |c 56419 |d 56419 | ||